000 02487nam0a2200469 4500
001 RU\NLR\BIBL_A\012192665
005 20220524105847.0
010 _a978-5-88473-099-1
_9500
021 _aRU
_bКН-П-19-100079
_9КН-П-19-7347
035 _a(NLR Aleph) 012192665
035 _a(RuMoRGB)010220621
090 _a12299026
_c12299026
100 _a20200130d2020 k y0rusy50 ca
101 0 _arus
102 _aRU
105 _aah bg 011zy
181 0 _ai
_baxxe
182 0 _an
200 1 _aРусская книга гражданской печати в фондах Национальной библиотеки Республики Татарстан (1709-1830)
_eкаталог
_eк 100-летию ТАССР и 155-летию библиотеки посвящается
_fГ. Г. Шагиахметова
_gНациональная библиотека Республики Татарстан
203 _aТекст
_bвизуальный
_cнепосредственный
210 _aКазань
_cМилли китап
_d2020
215 _a351 с., [8] л. факс.
_cил.
_d22
300 _aНа обл. автор не указан
320 _aБиблиогр.: с. 347-351, в тексте и в подстроч. примеч.
320 _aУказатель заглавий: с. 302-326
320 _aИменной указатель: с. 327-335
320 _aСистематический указатель: с. 336-338
320 _aХронологический указатель: с. 339-341
320 _aУказатель типографий: с. 342-346
333 _a16+
601 0 2 _aНациональная библиотека Республики Татарстан
_cКазань, город
_jКаталоги
_xФонды
_92439412
_3RU\NLR\AUTH\6601669254
606 1 _aКниги на русском языке
_xСобрания библиотек
_yКазань, город (Татария)
_92439911
_3RU\NLR\AUTH\6601669492
686 1 _aЧ734(2Р-6Т)711.2я18
686 1 _aЯ181(2Р-6Т-2К)2
700 1 _aШагиахметова
_bГ. Г.
_gГульсима Гафиятулловна
942 _cBOOK
980 _aNBR
980 _aNB